1797 1101 1865 1016 1273 1559 1453 1974 1299 1510 1918 1783 1668 1527 1769 1929 1646 1958 1078 1344 1167 1972 1903 1032 1179 1510 1055 1124 1302 1971 1354 1637 1930 1510 1568 1359 1756 1356 1275 1861 1933 1552 1663 1711 1329 1034 1581 1682 1265 1519 1045 1569 1209 1459 1314 1940 1689 1233 1168 1316 1626 1180 1022 1717 1053 1121 1114 1900 1615 1809 1679 1175 1240 1720 1353 1907 1386 1185 1949 1697 1138 1100 1508 1576 1359 1052 1133 1405 1636 1783 1160 1968 1776 1955 1054 1726 1469 1446 1826 BCNSPRNW ULIB Ver.6.0+V

เปลี่ยนเป็นภาษาไทย

Change to English
 แสดงรายละเอียดบรรณานุกรม
  กลับหน้าหลัก

Brief Record : Get Marc (ISO 2709) : E-mail record : QR code < ปิดหน้าต่าง
LEADER : 00000nam 2200000uu 4500
001    13399109157
003     ULIB
008    110323s2543||||th 000 0 tha d
020    9747405814
060  4 WA310^bอ171อ 2543
245 00 อนามัยการเจริญพันธุ์ในประเทศไทย :^bสิ่งท้าทายและความคาดหวังในทศวรรษหน้า = Reproductive health in Thailand : challeges and prospects for the next decade /^cบรรณาธิการ, สุวชัย อินทรประเสริฐ, แสงชัย พฤทธิพันธุ์, จิตติมา มโนนัย
246 31 Reproductive health in Thailand :^bchalleges and prospectsfor the next decade
250    พิมพ์ครั้งที่ 1
260    กรุงเทพฯ :^bชมรมอนามัยเจริญพันธุ์ ภาควิชาสูติศาสตร์-นรีเวชวิทยา คณะแพทยศาสตร์โรงพยาบาลรามาธิบดี มหาวิทยาลัยมหิดล,^c2543
300    418 หน้า ;^c26 ซม.
500    หนังสือประกอบการประชุมครั้งที่ 1เรื่องอนามัยการเจริญพันธุ์ในประเทศไทย : สิ่งท้าทายและความคาดหวังในทศวรรษหน้า จัดโดย ชมรมอนามัยเจริญพันธุ์ ภาควิชาสูติศาสตร์-นรีเวชวิทยา คณะแพทยศาสตร์โรงพยาบาลรามาธิบดี มหาวิทยาลัยมหิดล วันที่ 16-18 สิงหาคม 2543 ณ โรงแรมเอเชีย กรุงเทพมหานคร
650  7 การวางแผนครอบครัว^zไทย
650  7 อนามัยเจริญพันธุ์^zไทย
650  7 ภาวะเจริญพันธุ์^zไทย
700 0  สุวชัย อินทรประเสริฐ,^eบรรณาธิการ
700 0  แสงชัย พฤทธิพันธุ์,^eบรรณาธิการ
700 0  จิตติมา มโนนัย,^eบรรณาธิการ
710 2  มหาวิทยาลัยมหิดล. ^bคณะแพทยศาสตร์โรงพยาบาลรามาธิบดี.^bภาควิชาสูติศาสตร์-นรีเวชวิทยา
710 2  ชมรมอนามัยเจริญพันธุ์
711 2  การประชุมเรื่องอนามัยการเจริญพันธุ์ในประเทศไทย :สิ่งท้าทายและความคาดหวังในทศวรรษหน้า^n(ครั้งที่ 1 :^d2543 :^cกรุงเทพมหานคร)
945    ^p450^l0^i012878
945    ^p450^l0^i014407
995    ทศพร
999 ^a ใช้งานได้ทุกระบบ
รายการนี้ยังไม่มีแท็ก
คุณยังไม่ได้ล็อกอิน คุณสามารถมีกิจกรรมร่วมกับเว็บไซต์ได้ แต่ต้องล็อกอินก่อน ::
  ล็อกอิน

รายการสื่อสารสนเทศ

ลำดับที่ ประเภท เลขเรียก/บาร์โค้ด สถานที่ สถานะ
- ไม่พบข้อมูล -

BibComment


ยังไม่เคยถูกคอมเมนท์

คอมเมนท์ทรัพยากรรายการนี้
  คอมเมนท์: อนามัยการเจริญพัน..


 Copyright 2026. Bcnsprnw @Library